00375nam a2200145Ia 4500008004100000041000800041082001500049100002200064245003700086250001300123260003600136300001000172650002800182999001900210230724s2009 xx 000 0 und d aeng a343.01/MIS aReddi Padala Rama aThe Criminal Procedure Code 1973 a10th Ed aHyderabadbAsia Law Housec2009 a441p. aCRIMINAL PROCEDURE CODE c752097d752097